KELUARGA BAHAGIA

Bibliographic Details
Format: Book
Published: Kuala Lumpur : Goodmark Enterprise 1995
Series:siri kesejahteraan rakyat
Subjects:

MARC

LEADER 00000cam a2200000 7i4500
001 0000023708
005 20180203.0
008 101026s1995 my ag 0000 bm
020 |a 9839575392 
040 |a PERPUSTAM   |b eng   |c PERPUSTAM   |e rda 
090 0 0 |a J 300   |b SIR 
245 1 0 |a KELUARGA BAHAGIA   |c Kumpulan Intelek J.P.M (UM) 
264 1 |a Kuala Lumpur :   |b Goodmark Enterprise   |c 1995 
300 |a 39 pages :   |b colour illustration ;   |c 20 cm. 
336 |a text, rdacontent 
337 |a unmediated  |2 rdamedia 
338 |a volume  |2 rdacarrier 
490 1 |a SIRI KESEJAHTERAAN RAKYAT 
650 0 0 |a Inflation(Finance)   |x Malaysia 
830 0 |a siri kesejahteraan rakyat 
999 |a 0000104528   |b Buku   |c Koleksi Pinjaman Kanak-Kanak   |e Perbadanan Perpustakaan Awam Melaka 
999 |a 0000104529   |b Buku   |c Koleksi Pinjaman Kanak-Kanak   |e Perbadanan Perpustakaan Awam Melaka 
999 |a 0000104530   |b Buku   |c Koleksi Pinjaman Kanak-Kanak   |e Perpustakaan Cawangan Masjid Tanah 
999 |a 0000405809   |b Buku   |c Koleksi Pinjaman Kanak-Kanak   |e Perpustakaan Cawangan Jasin 
999 |a 0000472732   |b Buku   |c Koleksi Pinjaman Kanak-Kanak   |e Perbadanan Perpustakaan Awam Melaka 
999 |a 07761   |b Buku   |c Koleksi Pinjaman Kanak-Kanak   |e Perbadanan Perpustakaan Awam Melaka 
999 |a 24777   |b Buku   |c Koleksi Pinjaman Kanak-Kanak   |e Perpustakaan Cawangan Masjid Tanah 
999 |a 7151   |b Buku   |c Koleksi Pinjaman Kanak-Kanak   |e Perpustakaan Cawangan Merlimau